000 01270nam a2200373 c 4500
999 _c49411
_d49411
001 49411
003 ES-MaCES
005 20170517113908.0
008 170516s2017 sp 000 | spa d
017 _aM 11282-2017
_bDL
020 _a9788490973011
040 _aES-MaCES
_bspa
_cES-MaCES
245 0 3 _aLa economía mundial
_b: enfoques críticos
_cPedro José Gómez (coord.)
260 _aMadrid
_bFuhem Ecosocial
_bLos Libros de la Catarata
_c[2017]
300 _a287 p.
_c21 cm
490 1 _aColección Economía crítica y ecologismo social
_v16
504 _aBibliografía: p. 271-283
541 _cCompra
650 4 _acondiciones económicas
_927081
650 4 _aestructura económica
_927084
650 4 _aglobalización económica
_930653
650 4 _acapitalismo
_927116
650 4 _amarxismo
_927125
650 4 _acolectivismo
_927118
650 4 _adesarrollo sostenible
_930785
650 4 _aanálisis económico
_927070
650 4 _ateoría económica
_927076
653 1 0 _aCondiciones económicas
700 1 _aGómez, Pedro José
_ecoord.
_938206
710 2 _aFundación Hogar del Empleado
_eed.
_93833
830 0 _aColección Economía crítica y ecologismo social
_v16
_934609
902 _aLIB Libro
942 _2CES
_cBK
_h0.0.